| 000 | 00424nam a2200181Ia 4500 | ||
|---|---|---|---|
| 003 | 0100 | ||
| 008 | 130303s9999 xx 000 0 und d | ||
| 040 | _cARRUPELIB | ||
| 050 | _aHQ63.Q31985 | ||
| 100 | _aQuay, Paul M | ||
| 245 | 4 | _aThe christian meaning of human sexuality | |
| 260 | _aSan Francisco | ||
| 260 | _bIgnatius Press | ||
| 260 | _C1985 | ||
| 300 | _a115p | ||
| 650 | _bAutonomy (psychology) | ||
| 942 | 0 | 0 | _01 |
| 999 |
_c23174 _d23174 |
||